000 00489cam a2200181ua 4500
001 5122
008 120812n ii |||gr||||Z||||||eng
040 _cMAIN
082 _a823
100 _aGolding, William,
_eAuthor,
245 1 1 _aLord of the files :
_ba critical study /
_cby William Golding .
250 _a3rd.
260 _aBareilly:
_bPrakash book depot,
_c1997.
300 _a95p:
_c23cm.
653 _aEnglish fiction
700 _aKarively, Luka Mathen,
_eEditor,
942 _cBK
999 _c4304
_d4304